Changing panorama of life since independence/ (Record no. 8745)

MARC details
000 -LEADER
fixed length control field 00664 a2200205 4500
010 ## - LIBRARY OF CONGRESS CONTROL NUMBER
LC control number ENG-88560
020 ## - INTERNATIONAL STANDARD BOOK NUMBER
International Standard Book Number 8182471214
Terms of availability 495.00
035 ## - SYSTEM CONTROL NUMBER
System control number EN-72093
037 ## - SOURCE OF ACQUISITION
Source of stock number/acquisition DBAD / PUB
082 14 - DEWEY DECIMAL CLASSIFICATION NUMBER
Classification number 320.9540905
090 ## - LOCALLY ASSIGNED LC-TYPE CALL NUMBER (OCLC); LOCAL CALL NUMBER (OCLC)
-- 8906
-- 8906
100 1# - MAIN ENTRY--PERSONAL NAME
Personal name Singal, R.L.
245 1# - TITLE STATEMENT
Title Changing panorama of life since independence/
Statement of responsibility, etc by R.L. Singal
260 ## - PUBLICATION, DISTRIBUTION, ETC. (IMPRINT)
Place of publication, distribution, etc Chandigarh
Name of publisher, distributor, etc Abhishek Publications
Date of publication, distribution, etc 2006
270 ## - ADDRESS
Address S.C.O.57-59 Sector 17-C,
City Chandigarh
Postal code -17
300 ## - PHYSICAL DESCRIPTION
Extent 236p. :
Dimensions 22cm (Hb)
500 ## - GENERAL NOTE
General note Includes index
942 ## - ADDED ENTRY ELEMENTS (KOHA)
Institution code [OBSOLETE] dpl
Koha item type English Books
Call number prefix 320.9540905 / SIN
Holdings
Withdrawn status Lost status Source of classification or shelving scheme Damaged status Not for loan Collection code Home library Current library Source of acquisition Cost, normal purchase price Total Checkouts Full call number Barcode Date last seen Copy number Uniform Resource Identifier Cost, replacement price Price effective from Koha item type
    Dewey Decimal Classification   Not For Loan Non-fiction D.B.Act.Division D.B.Act.Division DBAD/PUB 495.00   320.9540905 SIN EN-72093 15/09/2008 1 9689 495.00 15/09/2008 English Books

© Delhi Public Library
Hit Counter
free hit counter